Development in states of war : selected articles from Development in practice

Αποθηκεύτηκε σε:
Λεπτομέρειες βιβλιογραφικής εγγραφής
Άλλοι συγγραφείς: Commins, Stephen K. (Συγγραφέας εισαγωγής κ.λπ.)
Μορφή: Βιβλίο
Γλώσσα:English
Δημοσίευση: Oxford : Oxfam, 1996
Σειρά:Development in practice reader
Θέματα:
Ετικέτες: Προσθήκη ετικέτας
Δεν υπάρχουν, Καταχωρήστε ετικέτα πρώτοι!

MARC

LEADER 00000nam a2200000 i 4500
001 1/88860
008 990825s1996 eng d
020 |a 0855983442 
035 |l 10052633 
040 |a GR-MY-UA  |b gre  |e aacr 
041 0 |a eng 
082 0 |a 330.91724 
245 1 0 |a Development in states of war :  |b selected articles from Development in practice /  |c introduced by Stephen Commins 
260 |a Oxford :   |b Oxfam,   |c 1996 
300 |a 109 p.;  |c 25 cm. 
490 1 |a Development in practice reader 
500 |a Reprints of articles from Development in practice 
504 |a Includes bibliographical references (p. 98-109) 
650 0 0 |a Economic development projects  |z Developing countries. 
650 0 0 |a Disaster relief. 
650 0 0 |a Economic assistance  |z Developing countries. 
650 0 0 |a War  |x Economic aspects  |z Developing countries. 
651 0 |a Developing countries  |x Economic conditions. 
700 1 |a Commins, Stephen K.  |4 aui 
830 0 |a Development in practice reader 
852 |a INST  |b LESVOS  |e 19990825  |h 330.91724 DEV  |p 005100021047  |q 005100021047  |t BK  |y 0 
901 |a BIBL1-2000-2 
909 |a Λ  |b 063561 
922 |a 1ΕΛΗ  |b 199901  |c ΚΠΣ/ΤΓ  |d LEADER 
950 |a 118-1998-10-19 
970 |z 2000/04/ΠΑΝΤΖΑΛΗ ΣΟΦΙΑ